000 00633nam a2200205Ii 4500
003 JO-AjNU
008 230605s9999||||xx |||||||||||||| ||und||
040 _aJO-AjNU
_bara
_erda
_cJO-AjNU
041 _aara
050 1 4 _aPJ7848.A15.G48 1980
100 3 _aتأليف عبدالله،محمد عبد الحليم,
_eauthor
_913482
245 0 0 _aغصن الزيتون: قصة
250 _aط1
264 3 1 _aبيروت:دار القلم،1980
300 _a198ص
336 _atext
_btxt
_2rdacontent
337 _aunmediated
_bn
_2rdamedia
338 _avolume
_bnc
_2rdacarrier
650 4 _aالأدب العربي - قصص
_913483
999 _aA3369
_c6937
_d6937